काव्य की अंतर्धाराए/ (Record no. 203890)

MARC details
000 -LEADER
fixed length control field 00864nam a22002057a 4500
005 - DATE AND TIME OF LATEST TRANSACTION
control field 20240715115926.0
010 ## - LCCN (DPL NO)
LC control number HIN-127914
020 ## - INTERNATIONAL STANDARD BOOK NUMBER
Terms of availability 395.00
International Standard Book Number 9789388583688
035 ## - SYSTEM CONTROL NUMBER
System control number HN-100260
037 ## - SOURCE OF ACQUISITION
Source of stock number/acquisition DBAD
082 ## - DEWEY DECIMAL CLASSIFICATION NUMBER
Classification number 821
100 ## - MAIN ENTRY--PERSONAL NAME
Personal name सोनी,रामनारायण
245 ## - TITLE STATEMENT
Title काव्य की अंतर्धाराए/
Statement of responsibility, etc रामनारायण सोनी: जया पाठक द्वारा संपादित
250 ## - EDITION STATEMENT
Edition statement प्रथम
260 ## - PUBLICATION, DISTRIBUTION, ETC. (IMPRINT)
Place of publication, distribution, etc नई दिल्ली
Name of publisher, distributor, etc साहित्यभूमि
Date of publication, distribution, etc 2020
270 ## - ADDRESS
Address एन-3/5ए, मोहन गार्डन,
City नई दिल्ली
Postal code 110059
300 ## - PHYSICAL DESCRIPTION
Extent 136पृ.
Dimensions 23 सेमी. (सजिल्द)
700 ## - ADDED ENTRY--PERSONAL NAME
9 (RLIN) 67976
Personal name पाठक,जया
942 ## - ADDED ENTRY ELEMENTS (KOHA)
Source of classification or shelving scheme Dewey Decimal Classification
Item type Hindi Books
Classification part 821
Call number suffix रामना
Holdings
Withdrawn status Lost status Not for loan Collection code Home library Current library Date acquired Source of acquisition Cost, normal purchase price Full call number Barcode Copy number Cost, replacement price Koha item type
      Non-fiction Central Jail Tihar Central Jail Tihar 03/07/2024 DBAD 395.00 821 रामना HN-100260 1 395.00 Hindi Books

© Delhi Public Library
Hit Counter
free hit counter